Top 15 non-English Languages by State (Delaware) - Statistics

General Stats
  • This quiz has been taken 19 times
  • The average score is 12 of 15
Answer Stats
Answer % Correct
French
100%
Spanish
100%
Chinese
94%
German
94%
Hindi
94%
Italian
94%
Arabic
89%
Vietnamese
89%
Dutch
83%
Korean
83%
Urdu
83%
Tagalog
78%
French Creole/Haitian Creole
50%
Gujarati
44%
Telugu
44%
No matching quizzes found
Score Distribution
Percent of People with Each Score
Percentile by Number Answered
Your Score History
You have not taken this quiz